LEADER 02279nam0 22004213i 450 001 SBL0369657 005 20251003044353.0 020 $aIT$b70-1066 100 $a19910930d1969 ||||0itac50 ba 101 | $aita$cita 102 $ait 181 1$6z01$ai $bxxxe 182 1$6z01$an 183 1$6z01$anc$2RDAcarrier 200 1 $aGran Bretagna$fEnte nazionale italiano per il turismo 210 $aRoma$c[s. n.]$dstampa 1969$eRoma$gTambone 215 $a443 p.$cill.$d25 cm. 225 | $aCollana di monografie turistiche$v25 410 0$1001SBL0083131$12001 $aCollana di monografie turistiche$v25$1702 1$aRefice$b, Edoardo$3RMLV030987 500 10$aGran Bretagna$3TSA1888188$9CFIV077287$92920508 606 $aGRAN BRETAGNA$2FIR$3CFIC037679$9I 676 $a338.47914$9BENI E SERVIZI. Turismo. Europa$v23 676 $a338.479141$9BENI E SERVIZI. TURISMO. INGHILTERRA$v21 676 $a914.2$9GEOGRAFIA. INGHILTERRA E GALLES$v20 676 $a942$9INGHILTERRA E GALLES$v20 710 02$aEnte nazionale italiano per il turismo$3CFIV077287$4070$03276 791 02$aENIT$c $3CFIV077288$zEnte nazionale italiano per il turismo 791 02$aAgenzia nazionale del turismo$3CFIV322579$zEnte nazionale italiano per il turismo 791 02$aEnte nazionale industrie turistiche$3LO1V469983$zEnte nazionale italiano per il turismo 791 02$aItalienska statens turistbyra?$3RAVV675328$zEnte nazionale italiano per il turismo 801 3$aIT$bIT-000000$c19910930 850 $aIT-BN0095 901 $bNAP 01$cPOZZO LIB.$nVi sono collocati fondi di economia, periodici di ingegneria e scienze, periodici di economia e statistica e altri fondi comprendenti documenti di economia pervenuti in dono. 912 $aSBL0369657 950 0$aBiblioteca Centralizzata di Ateneo$c1 v. in 2 copie$d 01POZZO LIB.F. FRAGOLA 8$e 0101 0060064275E VMA (bis 1 v. (2. copia. - Precedente collocazione F 254)$fB $h20221019$i20221019$c1 v. in 2 copie$d 01POZZO LIB.F. FRAGOLA 8$e 0101 0060064285E VMA 1 v. (Precedente collocazione F 255)$fB $h20221019$i20221019 977 $a 01 996 $aGran Bretagna$92920508 997 $aUNISANNIO